Normal view
MARC view
- Dr. Adnan Rashidi
Entry Personal Name
001 - CONTROL NUMBER
- control field: 35406
003 - CONTROL NUMBER IDENTIFIER
- control field: NUST
005 - DATE AND TIME OF LATEST TRANSACTION
- control field: 20201119092237.0
008 - FIXED-LENGTH DATA ELEMENTS
- fixed length control field: 201119|| aca||aabn | a|a d
040 ## - CATALOGING SOURCE
- Original cataloging agency: NUST
- Transcribing agency: NUST
100 ## - HEADING--PERSONAL NAME
- Personal name: Dr. Adnan Rashidi
670 ## - SOURCE DATA FOUND
- Source citation: Work cat.: (NUST): Ali, Moonis 35404, Adaptive Modulation and Coding Decision Framework for SDRs /, 2017.
